<?xml version="1.0" encoding="UTF-8"?>
<record
    xmlns:xsi="http://www.w3.org/2001/XMLSchema-instance"
    xsi:schemaLocation="http://www.loc.gov/MARC21/slim http://www.loc.gov/standards/marcxml/schema/MARC21slim.xsd"
    xmlns="http://www.loc.gov/MARC21/slim">

  <leader>00419nam a22001697a 4500</leader>
  <controlfield tag="005">20230112112647.0</controlfield>
  <controlfield tag="008">210317b           ||||| |||| 00| 0 eng d</controlfield>
  <datafield tag="020" ind1=" " ind2=" ">
    <subfield code="a">81-239-0787-7</subfield>
  </datafield>
  <datafield tag="041" ind1=" " ind2=" ">
    <subfield code="a">eng</subfield>
  </datafield>
  <datafield tag="082" ind1=" " ind2=" ">
    <subfield code="a">615.19</subfield>
  </datafield>
  <datafield tag="100" ind1=" " ind2=" ">
    <subfield code="a">GAUD, R.S AND GUPTA, G.D.</subfield>
    <subfield code="9">6501</subfield>
  </datafield>
  <datafield tag="245" ind1=" " ind2=" ">
    <subfield code="a">PRACTICAL PHARMACEUTICS</subfield>
  </datafield>
  <datafield tag="260" ind1=" " ind2=" ">
    <subfield code="a">NEW DELHI</subfield>
    <subfield code="b">C.B.S.PVT.LTD</subfield>
  </datafield>
  <datafield tag="300" ind1=" " ind2=" ">
    <subfield code="a">306,p</subfield>
  </datafield>
  <datafield tag="650" ind1=" " ind2=" ">
    <subfield code="a">PHARMACY</subfield>
    <subfield code="x">B.PHARMA</subfield>
    <subfield code="9">7083</subfield>
  </datafield>
  <datafield tag="942" ind1=" " ind2=" ">
    <subfield code="c">BK</subfield>
  </datafield>
  <datafield tag="999" ind1=" " ind2=" ">
    <subfield code="c">7657</subfield>
    <subfield code="d">7655</subfield>
  </datafield>
  <datafield tag="952" ind1=" " ind2=" ">
    <subfield code="0">0</subfield>
    <subfield code="1">0</subfield>
    <subfield code="4">0</subfield>
    <subfield code="7">0</subfield>
    <subfield code="8">REF</subfield>
    <subfield code="a">JRU</subfield>
    <subfield code="b">JRU</subfield>
    <subfield code="c">SHELF-4-B</subfield>
    <subfield code="d">2021-03-17</subfield>
    <subfield code="e">PURCHES</subfield>
    <subfield code="g">370.00</subfield>
    <subfield code="l">0</subfield>
    <subfield code="o">615.19</subfield>
    <subfield code="p">25765</subfield>
    <subfield code="r">2021-03-17 00:00:00</subfield>
    <subfield code="w">2021-03-17</subfield>
    <subfield code="y">BK</subfield>
  </datafield>
  <datafield tag="952" ind1=" " ind2=" ">
    <subfield code="0">0</subfield>
    <subfield code="1">0</subfield>
    <subfield code="4">0</subfield>
    <subfield code="7">0</subfield>
    <subfield code="8">PHARMACY</subfield>
    <subfield code="a">JRU</subfield>
    <subfield code="b">JRU</subfield>
    <subfield code="c">Shelf - 24- A</subfield>
    <subfield code="d">2021-03-17</subfield>
    <subfield code="e">PURCHES</subfield>
    <subfield code="g">370.00</subfield>
    <subfield code="l">1</subfield>
    <subfield code="o">615.19</subfield>
    <subfield code="p">25766</subfield>
    <subfield code="q">2023-08-30</subfield>
    <subfield code="r">2023-08-30 00:00:00</subfield>
    <subfield code="s">2023-08-30</subfield>
    <subfield code="w">2021-03-17</subfield>
    <subfield code="y">BK</subfield>
  </datafield>
  <datafield tag="952" ind1=" " ind2=" ">
    <subfield code="0">0</subfield>
    <subfield code="1">0</subfield>
    <subfield code="4">0</subfield>
    <subfield code="7">0</subfield>
    <subfield code="8">PHARMACY</subfield>
    <subfield code="a">JRU</subfield>
    <subfield code="b">JRU</subfield>
    <subfield code="c">Shelf - 27- A</subfield>
    <subfield code="d">2022-02-08</subfield>
    <subfield code="e">PURCHASE</subfield>
    <subfield code="g">395.00</subfield>
    <subfield code="l">0</subfield>
    <subfield code="o">615.19</subfield>
    <subfield code="p">25974</subfield>
    <subfield code="r">2022-02-08 00:00:00</subfield>
    <subfield code="w">2022-02-08</subfield>
    <subfield code="y">BK</subfield>
  </datafield>
  <datafield tag="952" ind1=" " ind2=" ">
    <subfield code="0">0</subfield>
    <subfield code="1">0</subfield>
    <subfield code="4">0</subfield>
    <subfield code="7">0</subfield>
    <subfield code="8">PHARMACY</subfield>
    <subfield code="a">JRU</subfield>
    <subfield code="b">JRU</subfield>
    <subfield code="c">Shelf - 27- A</subfield>
    <subfield code="d">2022-02-08</subfield>
    <subfield code="e">PURCHASE</subfield>
    <subfield code="g">395.00</subfield>
    <subfield code="l">0</subfield>
    <subfield code="o">615.19</subfield>
    <subfield code="p">25975</subfield>
    <subfield code="r">2022-02-08 00:00:00</subfield>
    <subfield code="w">2022-02-08</subfield>
    <subfield code="y">BK</subfield>
  </datafield>
</record>
